| 000 | 00604cam a2200229 4500 | ||
|---|---|---|---|
| 008 | 020917n2002 000 0 eng u | ||
| 020 | _a1860815626 | ||
| 035 | _a(Sirsi) u119717 | ||
| 050 | _a693.4 | ||
| 100 | _aDe Vekey, R. | ||
| 245 | _aAAC 'aircrete' blocks and masonry | ||
| 260 |
_aLondon _bCRC _c2002 |
||
| 300 |
_a8p. _bill. _c30cm. |
||
| 490 |
_aBRE Digest _v468 Part 1 |
||
| 650 | _aAIRCRETE BLOCKS | ||
| 650 | _aAUTOCLAVED AERATED CONCRETE | ||
| 650 | _aCONCRETE | ||
| 650 | _aCONCRETE BLOCKS | ||
| 650 | _aMASONRY | ||
| 690 | _aBUILT ENVIRONMENT-BUILDING MATERIALS | ||
| 942 | _n0 | ||
| 999 |
_c102371 _d102371 |
||